000 01807cam a22004694i 4500
003 PE-LiUPU
005 20250731175625.0
008 141028s2015 inu rbd 000 0 eng
020 _a1575063417
020 _a9781575063416
035 _a(Sirsi) i9781575063416
035 _a(OCoLC)894128658
040 _aDLC
_bspa
_erda
_cDLC
_dYDX
_dOCLCF
_dNVS
_dCDX
_dYDXCP
_dDEBSZ
_dOCLCQ
_dUBY
_dZCU
_dCOO
_dOCLCO
_dYUS
_dOCLCO
_dOCLCA
_dPE-LiUPU
049 _aPRUA
050 0 0 _aPJ5255
_b.C66 2015
082 0 0 _a492.29
_bC77
_223
100 1 _aCook, Edward M.,
_d1952-
_eautor.
245 1 0 _aDictionary of Qumran Aramaic /
_cEdward M. Cook.
264 1 _aWinona Lake, Indiana :
_bEisenbrauns,
_c2015.
300 _axxii, 265 páginas ;
_c26 centímetros
336 _atext
_2rdacontent
337 _aunmediated
_2rdamedia
338 _avolume
_2rdacarrier
504 _aBibliogafía : páginas 261-265.
526 _aP145
526 _aP127
526 _aP97
526 _aP35
526 _aP14
526 _aP07
650 0 _aAramaic language
_vDictionaries
_xEnglish.
650 0 _aAramaic language
_xDialects
_zWest Bank
_zQumran Site
_vDictionaries.
650 0 _aIdioma arameo
_vDiccionarios
_xInglés.
650 0 _aIdioma arameo
_xDialectos
_zWest Bank
_zQumran
_vDiccionarios.
910 _adbm
_bebj
_cebj
_d20171228
942 _2ddc
_cBOOK
949 _a492.29 C77
_wDEWEY
_c1
_i77849
_lCATALOGING
_mBUL
_p38.15
_r0
_sY
_tBOOK
_u2017-12-28
_xPOSGRADO
_PP85
_0DONACION
_o.STAFF. Colección Teología.
994 _aC0
_bPEPRU
596 _a1
999 _a492.29 C77
_wDEWEY
_c26519
_i77849
_d26519
_f2021-11-11
_g4
_lCCODEBUL1
_mBUL
_p38.15
_q5
_r0
_sY
_tBOOK
_u2017-12-28
_xTEOLOGIA
_PP85
_0COMPRA
_o.STAFF. Colección Teología.
980 _81
_gALBERTO SANCHEZ Responsable de Automatización